Sports Quiz

Random Sports or Blitz Quiz

Big 4 Team Blitz Quiz Stats

 Plays Quiz Updated Sep 20, 2018

Score 0/123 Timer 03:00
2 Plays Today
% Correct
Cincinnati Reds
92.5%
New York Giants
88.8%
San Francisco Giants
88.7%
New York Jets
85%
Boston Red Sox
83.9%
Arizona Cardinals
83.5%
St. Louis Cardinals
83.3%
New England Patriots
80.8%
New York Yankees
80.4%
Chicago Bears
79.3%
Chicago White Sox
79.1%
New York Rangers
77.2%
Texas Rangers
77.2%
Carolina Panthers
76.9%
Florida Panthers
76.9%
Dallas Cowboys
76.6%
Philadelphia Eagles
74.8%
Oakland Athletics
74.4%
Detroit Lions
74.1%
Miami Dolphins
73.6%
San Francisco 49ers
73.1%
New York Mets
72.9%
Pittsburgh Steelers
72.9%
Cleveland Browns
72.7%
Atlanta Falcons
72.6%
Green Bay Packers
72.5%
Washington Redskins
72.5%
Chicago Cubs
71.9%
Los Angeles Lakers
70.6%
Winnipeg Jets
70.6%
Buffalo Bills
70.3%
Los Angeles Rams
69.5%
Houston Texans
69.4%
Minnesota Vikings
69.2%
Oakland Raiders
69.1%
Indianapolis Colts
69.1%
Los Angeles Chargers
68.8%
Cincinnati Bengals
68.7%
Seattle Seahawks
68.6%
New Orleans Saints
68.5%
Baltimore Ravens
68.1%
% Correct
Boston Celtics
67%
Denver Broncos
66.8%
Atlanta Braves
66.5%
Jacksonville Jaguars
66.4%
Tennessee Titans
65.7%
Detroit Tigers
64.8%
Tampa Bay Buccaneers
64.3%
Los Angeles Dodgers
64%
Miami Heat
63.2%
Kansas City Chiefs
63.2%
Philadelphia Phillies
63.2%
Chicago Bulls
63%
Los Angeles Kings
63%
Sacramento Kings
62.9%
Tampa Bay Rays
62.7%
Los Angeles Angels of Anaheim
62.7%
Baltimore Orioles
62.1%
Houston Astros
61.8%
Toronto Blue Jays
61.2%
Miami Marlins
60.6%
Brooklyn Nets
60.4%
Washington Nationals
60.3%
New York Knicks
60.3%
Pittsburgh Pirates
60.2%
Atlanta Hawks
59.4%
Los Angeles Clippers
58.9%
Minnesota Twins
58.4%
Cleveland Indians
58.1%
Arizona Diamondbacks
58%
Seattle Mariners
56.6%
Philadelphia 76ers
56.4%
Boston Bruins
56.3%
San Diego Padres
56.2%
Milwaukee Brewers
55%
Colorado Rockies
54.9%
Cleveland Cavaliers
54.6%
Detroit Red Wings
54.1%
Dallas Mavericks
53.8%
San Antonio Spurs
53.8%
Orlando Magic
53.3%
Golden State Warriors
53.3%
% Correct
Kansas City Royals
52.9%
New York Islanders
52.4%
Utah Jazz
52%
Pittsburgh Penguins
51.7%
Phoenix Suns
51.1%
Oklahoma City Thunder
51.1%
Detroit Pistons
50.7%
Houston Rockets
50.3%
Chicago Blackhawks
50.1%
Philadelphia Flyers
48.3%
Washington Wizards
48.1%
Toronto Maple Leafs
48%
Milwaukee Bucks
46.6%
Indiana Pacers
46.3%
Minnesota Wild
46%
New Orleans Pelicans
45.9%
Montreal Canadiens
45.6%
St. Louis Blues
45.4%
Anaheim Ducks
45.4%
Washington Capitals
45%
Denver Nuggets
45%
Dallas Stars
44.5%
Edmonton Oilers
44.4%
Vancouver Canucks
44.3%
Minnesota Timberwolves
44.3%
New Jersey Devils
43.8%
Toronto Raptors
43.7%
Charlotte Hornets
43%
Colorado Avalanche
42.8%
Ottawa Senators
41.5%
San Jose Sharks
41.4%
Calgary Flames
41.2%
Columbus Blue Jackets
41%
Tampa Bay Lightning
40.6%
Portland Trail Blazers
40.4%
Buffalo Sabres
40.1%
Memphis Grizzlies
39.8%
Arizona Coyotes
38.2%
Carolina Hurricanes
37.7%
Nashville Predators
37%
Vegas Golden Knights
24.9%

You're not logged in!

Compare scores with friends on all Sporcle quizzes.
OR
Log In

Sporcle TV

Today on Sporcle TV


Watch our educational content, quiz creation guides, and fun videos on Sporcle TV.

Show Comments

Extras

Top Quizzes Today


Score Distribution

Your Account Isn't Verified!

In order to create a playlist on Sporcle, you need to verify the email address you used during registration. Go to your Sporcle Settings to finish the process.

Report this User

Report this user for behavior that violates our Community Guidelines.

Details: